Statistiques concernant Culture Générale - Série 1056

Cliquez ici pour prendre le quiz!

Statistiques générales

  • Ce quiz a été pris 80 fois
  • Le résultat moyen est 6 sur 10

Statistiques - réponses

QuestionRéponse% Correct
A la fois globe de verre d'une lampe et cloque à la surface de la peau due à un frottement, que suis-je ?ampoule
92%
Quel sélectionneur a conduit les "bleus" à la victoire de la Coupe du monde de football de 1998 ?Aimé Jacquet
82%
Station balnéaire de l'Hérault, très populaire pendant les vacances, je suis Palavas-...Les-Flots
82%
Quel nom donne-t-on à la fondue composée de fromage et de vin blanc, que l'on déguste avec des morceaux de pains ?fondue savoyarde
75%
Sur un vélo, quel dispositif permet de faire passer la chaîne d'un pignon à un autre ?dérailleur
62%
Dans quel département de Basse-Normandie peut-on se promener le long des falaises des Vaches noires ?Calvados
56%
Depuis 2006, quelle capitale des Emirats arabes unis accueille une antenne de la Sorbonne ?Abu Dhabi
42%
En 1986, d'après le titre d'une chanson, les nuits sans quelle chanteuse anglaise Laurent Voulzy s'ennuie-t-il souvent ?Kim Wilde
42%
Quel célèbre marin de Saint-Malo fut "le roi des corsaires" sous Napoléon 1er ?Robert Surcouf
40%
Quelle artiste est révélée en 2000 avec son tube "I'm outta love" ?Anastacia
16%

Distribution des résultats

Percentile par nombre de réponses

% des personnes avec chaque résultat

Votre développement - résultats

Vous n’avez pas pris ce quiz